| 000 | 00780cam a2200217 a 4500 | ||
|---|---|---|---|
| 001 | 000019178 | ||
| 005 | 20200929165937.0 | ||
| 008 | 850124s1965 maua 001 0beng d | ||
| 040 |
_aDO-SdBNP _cICU _dDLC _dBNPHU |
||
| 082 |
_annnn _bC196l |
||
| 100 | 1 |
_aCampion, Nardi Reeder, _941280 |
|
| 245 | 1 | 0 |
_aLook to this day! : _bthe lively education of a great woman doctor: Connie Guion, M.D. / _cNardi Reeder Campion, Rosamond Wilfley Stanton. |
| 260 |
_aBoston ; _aToronto : _bLittle, Brown, _c1965. |
||
| 300 |
_axii,[1- 308] p. : _bill. ; _c21 cm. |
||
| 500 | _aIncludes index | ||
| 600 | 1 | 0 |
_aGuion, Connie, _d1882- _941281 |
| 650 | 0 |
_aWomen physicians _xBiography. _941282 |
|
| 700 | 1 |
_aStanton, Rosamond Wilfley, _941283 |
|
| 910 | _aCatalogación derivada / LC | ||
| 049 | _aBNGR | ||
| 999 |
_c18696 _d18696 |
||